| 000 | 00942nas a2200325 4500 | ||
|---|---|---|---|
| 001 | BR0904063 | ||
| 003 | BR-BrBNA | ||
| 005 | 20231205113231.0 | ||
| 007 | ta | ||
| 008 | 230509b bl.|||p| |||| 00| 00por d | ||
| 040 |
_aBR-BrBNA _bpor _cBiblioteca Nacional de Agricultura |
||
| 041 | _a(Pt) | ||
| 072 | _aF04 | ||
| 100 | 1 | _aMuller, L. | |
| 100 | 1 | _aManfron, P.A. | |
| 100 | 1 | _aMedeiros, S.L.P. | |
| 100 | 1 | _aSantos, O.S. dos | |
| 100 | 1 | _aMorselli, T.B.G.A. | |
| 100 | 1 | _aDourado Neto, D. | |
| 100 | 1 | _aFagan, E.B. | |
| 100 | 1 | _aBandeira, A.H. | |
| 100 | 1 | _aTonetto, C.J. | |
| 245 | 1 | _aValor nutricional da forragem hidropônica de trigo sob diferentes soluções nutritivas. | |
| 650 | _aTRIGO | ||
| 650 | _aNUTRIENTE | ||
| 650 | _aFORRAGEM | ||
| 773 | 0 |
_tBioscience Journal (Brazil) _xISSN 1516-3725 _g(Sep-Dec 2006), v. 22(3) p. 49-57 _wBR0904063 |
|
| 909 |
_a202311 _bLúcia _c55 _dLúcia Elande |
||
| 942 |
_2AGRIS _n0 _cANA |
||
| 999 |
_c202608 _d202608 |
||